000 00533cam a22002291 4500
001 sa 63002341
003 DLC
005 20260227111933.0
008 940805s1962 ii 000 1 beno
010 _asa 63002341
025 _aPL480:I-B-127
035 _a(OCoLC)30890656
040 _aDLC
_cCU
_dCU
_dDLC
042 _apremarc
050 0 0 _aPK1718.B377
_bT3
100 1 _aBasu, Ramapati.
245 1 0 _aTapatīra tṛshā.
260 _c[1962]
300 _a163 p.
_c23 cm.
500 _aIn Bengali.
500 _aA novel.
999 _c54425
_d54425